Ends in 'OTE' A-Z Quiz Stats

 Plays Quiz not verified by Sporcle

Also try: Ends in 'ETE' A-V
Challenge
Share
Tweet
Embed
Score 0/22 Timer 05:00
0 Plays Today
Hint Answer % Correct
Wolf-like wild dogCoyote
100%
Short informal letter Note
98.1%
Extra information at the bottom of a pageFootnote
96.2%
Far away in place or timeRemote
96.2%
Composed a letterWrote
95.2%
What the electorate doVote
93.3%
Don _______ of La ManchaQuixote
90.4%
Stand as a name or symbol forDenote
89.4%
Portray feelings in a theatrical mannerEmote
88.5%
Interesting account of an incidentAnecdote
87.5%
Support or actively encouragePromote
83.7%
Hint Answer % Correct
Carry, wield, or conveyTote
83.7%
Cell formed by the union of two gametesZygote
81.7%
Speak (from literature) incorrectlyMisquote
76%
Piece of paper moneyBanknote
75%
Table d'____ (a set, fixed price meal)Hote
75%
Fundamental or central fact or ideaKeynote
75%
Struck with a firm blowSmote
73.1%
Spanish execution by strangulationGarrote
59.6%
Assumed responsibility for insuranceUnderwrote
55.8%
Milton:Ex Prime Minister of UgandaObote
31.7%
Move from one place to anotherLocomote
26.9%

You're not logged in!

Compare scores with friends on all Sporcle quizzes.
OR
Log In

You Might Also Like...

Show Comments

Extras

Top Quizzes Today


Score Distribution

Your Account Isn't Verified!

In order to create a playlist on Sporcle, you need to verify the email address you used during registration. Go to your Sporcle Settings to finish the process.

Report this User

Report this user for behavior that violates our Community Guidelines.

Details: